[Event "CAN-ch Universities"]
[Site "Montreal CAN"]
[Date "2025.01.26"]
[Round "5.41"]
[White "Pelev, Iassen"]
[Black "Zhang, Henry"]
[Result "1/2-1/2"]
[WhiteElo "2095"]
[BlackElo "2222"]
[WhiteFideId "-1"]
[WhiteFideId "-1"]
[PlyCount "75"]
[GameId "2143137054002620"]
[EventDate "2025.01.24"]
[EventType "team"]
[EventRounds "5"]
[EventCountry "CAN"]
[WhiteTeam "Carleton A"]
[BlackTeam "U Toronto B"]

1. e4 c5 2. Nf3 e6 3. d4 cxd4 4. Nxd4 Nc6 5. Nc3 Qc7 6. Be3 a6 7. a3 Nf6 8. f4 d6 9. Qf3 Nxd4 10. Bxd4 b5 11. Bd3 Bb7 12. g4 e5 13. Be3 h5 14. g5 Ng4 15. f5 Nxe3 16. Qxe3 Qc5 17. Qxc5 dxc5 18. Nd5 c4 19. Be2 O-O-O 20. O-O-O Bc5 21. h4 Bc6 22. Bf3 a5 23. c3 Kb7 24. Rh2 Rdf8 25. Rg2 g6 26. Rgd2 Rd8 27. Kb1 Rd6 28. Bg2 Rhd8 29. Bh3 Bxd5 30. exd5 Be3 31. Re2 Bf4 32. fxg6 fxg6 33. Bg2 Kb6 34. Be4 Kc5 35. Kc2 Bg3 36. Rh1 Rf8 37. Rh3 Bf4 38. Rf3 1/2-1/2

[Event "CAN-ch Universities"]
[Site "Montreal CAN"]
[Date "2025.01.26"]
[Round "5.43"]
[White "Graham, Douglas"]
[Black "Qiao, Cindy"]
[Result "1/2-1/2"]
[WhiteElo "1933"]
[BlackElo "2147"]
[WhiteFideId "-1"]
[WhiteFideId "-1"]
[PlyCount "86"]
[GameId "2143195867463576"]
[EventDate "2025.01.24"]
[EventType "team"]
[EventRounds "5"]
[EventCountry "CAN"]
[WhiteTeam "Carleton A"]
[BlackTeam "U Toronto B"]

1. d4 d5 2. c4 e6 3. g3 Nf6 4. Bg2 Be7 5. Nf3 O-O 6. O-O dxc4 7. Nc3 Nbd7 8. Qc2 c6 9. a4 Qa5 10. Bf4 Rd8 11. Rfd1 Nb6 12. Ne5 Bd7 13. Ne4 Nfd5 14. Nxc4 Nxc4 15. Qxc4 Nxf4 16. gxf4 Rac8 17. Nc5 Qc7 18. e3 Bxc5 19. Qxc5 b6 20. Qc3 c5 21. Rdc1 Qb8 22. dxc5 Rxc5 23. Qe1 Rdc8 24. Rxc5 Rxc5 25. Qd1 Qc7 26. h3 h6 27. b4 Rc2 28. b5 Rc4 29. Qf3 Kh7 30. Qb7 Qxb7 31. Bxb7 e5 32. fxe5 Bxh3 33. Bd5 Rc7 34. f4 g5 35. Be4+ Kg8 36. Bc6 Be6 37. a5 bxa5 38. Rxa5 Kg7 39. Kf2 f6 40. exf6+ Kxf6 41. fxg5+ hxg5 42. Kg3 Rh7 43. Bg2 Rd7 1/2-1/2

[Event "CAN-ch Universities"]
[Site "Montreal CAN"]
[Date "2025.01.26"]
[Round "5.44"]
[White "Wang, Bingfei"]
[Black "Rayos, Cris Angelo"]
[Result "1-0"]
[WhiteElo "2071"]
[BlackElo "1954"]
[WhiteFideId "-1"]
[WhiteFideId "-1"]
[PlyCount "111"]
[GameId "2143350635831485"]
[EventDate "2025.01.24"]
[EventType "team"]
[EventRounds "5"]
[EventCountry "CAN"]
[WhiteTeam "U Toronto B"]
[BlackTeam "Carleton A"]

1. d4 Nf6 2. Nf3 g6 3. g3 Bg7 4. Bg2 d6 5. O-O O-O 6. c4 Nbd7 7. Nc3 c6 8. Qc2 e5 9. Rd1 Qe7 10. dxe5 dxe5 11. e4 h6 12. h3 a5 13. Be3 Nc5 14. a3 Nfd7 15. b4 Na6 16. Qb3 Nc7 17. Rab1 axb4 18. axb4 Ne6 19. c5 Re8 20. Rd2 Ndf8 21. Rbd1 Nc7 22. Ne1 Be6 23. Nd5 cxd5 24. exd5 Bd7 25. d6 Qe6 26. Qxe6 Ncxe6 27. Bxb7 Rab8 28. c6 Rxb7 29. cxb7 Rb8 30. b5 Rxb7 31. b6 Nd4 32. Bxd4 exd4 33. Rb1 Bf5 34. Rb3 Nd7 35. Ra2 Rxb6 36. Rxb6 Nxb6 37. g4 Be6 38. Ra6 Nd7 39. Ra8+ Kh7 40. Nd3 Ne5 41. Nc5 d3 42. Kf1 Bc4 43. Ke1 Nd7 44. Ne4 Bd5 45. Re8 Nf6 46. Nxf6+ Bxf6 47. Kd2 Bc6 48. Rc8 Bb5 49. f4 g5 50. Rb8 Ba6 51. d7 gxf4 52. Rb6 Bg5 53. Rxa6 f5 54. gxf5 Kg7 55. f6+ Kf7 56. d8=Q 1-0

[Event "CAN-ch Universities"]
[Site "Montreal CAN"]
[Date "2025.01.26"]
[Round "5.51"]
[White "Hua, Eugene"]
[Black "Madanchi, Ata"]
[Result "1/2-1/2"]
[WhiteElo "2337"]
[BlackElo "2021"]
[WhiteFideId "-1"]
[WhiteFideId "-1"]
[PlyCount "115"]
[GameId "2143355782607851"]
[EventDate "2025.01.24"]
[EventType "team"]
[EventRounds "5"]
[EventCountry "CAN"]
[WhiteTeam "McMaster A"]
[BlackTeam "McGill B"]

1. c4 e6 2. g3 Nf6 3. Bg2 d5 4. Nf3 c5 5. cxd5 exd5 6. d4 cxd4 7. Nxd4 Bb4+ 8. Bd2 Be7 9. Nc3 O-O 10. O-O Nc6 11. Bf4 Qb6 12. Ncb5 Nxd4 13. Nxd4 Qxb2 14. Be5 Qb6 15. Rb1 Qa5 16. Qc2 Bd8 17. Rb5 Qa6 18. Bxf6 Qxf6 19. Rxd5 Bb6 20. Nf3 Be6 21. Ng5 g6 22. Nxe6 Qxe6 23. Rfd1 Qf6 24. Bf3 Rac8 25. Qb1 h5 26. Rd6 Qg5 27. Kg2 Rc5 28. h4 Qe5 29. Rd7 Rc7 30. R1d5 Qc3 31. R7d6 Rc5 32. Rd3 Qe5 33. Qb3 Kg7 34. R6d5 Rxd5 35. Rxd5 Qf6 36. Rd7 Re8 37. Qd5 Re7 38. e3 Rxd7 39. Qxd7 Qd8 40. Qxb7 Qc7 41. Qd5 Qc5 42. Qb3 Qe5 43. Bd5 Qf6 44. Qc4 Bd8 45. a4 a5 46. Qb3 Be7 47. Qb7 Bb4 48. Bc4 Be1 49. f4 Bb4 50. e4 Qb2+ 51. Kh3 Qc1 52. Qxf7+ Kh6 53. Kg2 Qd2+ 54. Kf3 Bc5 55. e5 Qd1+ 56. Kg2 Qg1+ 57. Kf3 Qe3+ 58. Kg2 1/2-1/2

[Event "CAN-ch Universities"]
[Site "Montreal CAN"]
[Date "2025.01.26"]
[Round "5.54"]
[White "Liao, Minyan"]
[Black "Wong, Francisco"]
[Result "1/2-1/2"]
[WhiteElo "1847"]
[BlackElo "2002"]
[WhiteFideId "-1"]
[WhiteFideId "-1"]
[PlyCount "50"]
[GameId "2143359328925099"]
[EventDate "2025.01.24"]
[EventType "team"]
[EventRounds "5"]
[EventCountry "CAN"]
[WhiteTeam "McGill B"]
[BlackTeam "McMaster A"]

1. e4 c5 2. Nc3 e6 3. Nf3 a6 4. d4 cxd4 5. Nxd4 b5 6. Be3 Bb7 7. Bd3 Qc7 8. a3 Nf6 9. f3 d5 10. exd5 Nxd5 11. Nxd5 Bxd5 12. O-O Bd6 13. f4 Nc6 14. Qg4 g6 15. Nxc6 Qxc6 16. Bd4 Bc5 17. Bxc5 Qxc5+ 18. Kh1 f5 19. Qe2 O-O 20. a4 b4 21. c4 bxc3 22. Rac1 Rfb8 23. Rxc3 Qb4 24. Qe5 Rb7 25. Rfc1 Qxb2 1/2-1/2

[Event "CAN-ch Universities"]
[Site "Montreal CAN"]
[Date "2025.01.26"]
[Round "5.61"]
[White "Bain-Thouverez, Aurelien"]
[Black "Nasir, Zehn"]
[Result "0-1"]
[WhiteElo "1950"]
[BlackElo "2219"]
[WhiteFideId "-1"]
[WhiteFideId "-1"]
[PlyCount "102"]
[GameId "2143390318069487"]
[EventDate "2025.01.24"]
[EventType "team"]
[EventRounds "5"]
[EventCountry "CAN"]
[WhiteTeam "U de Montreal B"]
[BlackTeam "York A"]

1. Nf3 c6 2. g3 d5 3. Bg2 Nf6 4. O-O Bf5 5. c4 e6 6. Qb3 Qb6 7. d3 Nbd7 8. Be3 Bc5 9. d4 Be7 10. c5 Qxb3 11. axb3 Ne4 12. Nc3 O-O 13. b4 a6 14. Nxe4 Bxe4 15. Nd2 Bxg2 16. Kxg2 e5 17. Nb3 Bf6 18. Rad1 Rfe8 19. Rd2 Rab8 20. f4 exd4 21. Bxd4 Bxd4 22. Nxd4 Re4 23. Rf3 Rbe8 24. Kf1 Nf8 25. Rb3 Ne6 26. Nf5 Rc4 27. Nd6 Rc1+ 28. Kf2 Re7 29. Re3 g6 30. f5 gxf5 31. Nxf5 Rd7 32. Rd4 Rc4 33. Rxc4 dxc4 34. Nd6 b6 35. Ne4 Rb7 36. Nd6 Rb8 37. Ra3 bxc5 38. Rxa6 cxb4 39. Rxc6 c3 40. b3 Nd4 41. Rc4 Nxb3 42. Nf5 h5 43. Ne7+ Kf8 44. Nd5 Rb5 45. Nxb4 Rxb4 46. Rxb4 c2 47. Rc4 c1=Q 48. Rxc1 Nxc1 49. Kf3 Kg7 50. e3 Nd3 51. e4 Ne5+ 0-1

[Event "CAN-ch Universities"]
[Site "Montreal CAN"]
[Date "2025.01.26"]
[Round "5.62"]
[White "Chertkow, Matthew"]
[Black "Porlier, Xavier"]
[Result "1-0"]
[WhiteElo "1845"]
[BlackElo "1948"]
[WhiteFideId "-1"]
[WhiteFideId "-1"]
[PlyCount "53"]
[GameId "2143397049260059"]
[EventDate "2025.01.24"]
[EventType "team"]
[EventRounds "5"]
[EventCountry "CAN"]
[WhiteTeam "York A"]
[BlackTeam "U de Montreal B"]

1. e4 c5 2. d4 cxd4 3. c3 dxc3 4. Nxc3 e6 5. Nf3 Nc6 6. Bc4 Bb4 7. O-O Nge7 8. Qc2 O-O 9. Rd1 Bxc3 10. Qxc3 Qc7 11. b4 f6 12. Ba3 b5 13. Bxb5 Re8 14. Rac1 a6 15. Ba4 Bb7 16. Nd4 Qf4 17. f3 Rac8 18. Nxc6 Nxc6 19. Rxd7 Nd4 20. Qxd4 Rxc1+ 21. Bxc1 Qxc1+ 22. Qd1 Qe3+ 23. Kh1 Rc8 24. Rd8+ Kf7 25. Be8+ Kf8 26. Bg6+ Rxd8 27. Qxd8# 1-0

[Event "CAN-ch Universities"]
[Site "Montreal CAN"]
[Date "2025.01.26"]
[Round "5.63"]
[White "Gonzalez, Frederic"]
[Black "Hosseini, Mohammad Mahdi"]
[Result "1-0"]
[WhiteElo "1725"]
[BlackElo "1614"]
[WhiteFideId "-1"]
[WhiteFideId "-1"]
[PlyCount "77"]
[GameId "2143466964756786"]
[EventDate "2025.01.24"]
[EventType "team"]
[EventRounds "5"]
[EventCountry "CAN"]
[WhiteTeam "U de Montreal B"]
[BlackTeam "York A"]

1. e4 e6 2. d4 d5 3. e5 c5 4. Nf3 Nc6 5. Bd3 Bd7 6. O-O cxd4 7. Re1 Qb6 8. Nbd2 Bb4 9. Rb1 Nge7 10. a3 Bxa3 11. bxa3 Qc7 12. Nb3 Ng6 13. Bxg6 hxg6 14. Nbxd4 Nxd4 15. Qxd4 b6 16. Bd2 Rc8 17. Rec1 b5 18. Bb4 a5 19. Bd6 Qd8 20. Rb3 Rc4 21. Qd3 Qc8 22. g3 a4 23. Rb2 Rc3 24. Qe2 Rc4 25. Qe3 f6 26. Nd4 Kf7 27. c3 Qb7 28. Rb4 Rhc8 29. Rxc4 Rxc4 30. h4 Qc8 31. Kg2 Kg8 32. exf6 gxf6 33. Qh6 Qe8 34. h5 Qf7 35. hxg6 Qg7 36. Qh5 e5 37. Nf5 Bxf5 38. Qxf5 d4 39. Qe6+ 1-0

[Event "CAN-ch Universities"]
[Site "Montreal CAN"]
[Date "2025.01.26"]
[Round "5.71"]
[White "Noorali, Aahil"]
[Black "Ahmed, Syed Ibrahim"]
[Result "1-0"]
[WhiteElo "2054"]
[BlackElo "2230"]
[WhiteFideId "-1"]
[WhiteFideId "-1"]
[PlyCount "121"]
[GameId "2143495526546468"]
[EventDate "2025.01.24"]
[EventType "team"]
[EventRounds "5"]
[EventCountry "CAN"]
[WhiteTeam "Western A"]
[BlackTeam "Queens A"]

1. d4 Nf6 2. c4 c5 3. d5 b5 4. cxb5 a6 5. bxa6 e6 6. Nc3 exd5 7. Nxd5 Be7 8. e3 O-O 9. Bc4 Nxd5 10. Qxd5 Ra7 11. Bd2 Nxa6 12. Ne2 Nc7 13. Qh5 g6 14. Qf3 d5 15. Bb3 Bf6 16. Rd1 Qe7 17. Bc3 Bxc3+ 18. Nxc3 d4 19. Nd5 Nxd5 20. Bxd5 Ba6 21. h4 Rd8 22. h5 Qg5 23. Be4 Re7 24. b4 Rde8 25. hxg6 fxg6 26. Bd5+ Kh8 27. e4 Qxd5 28. Qf6+ Kg8 29. Qxa6 Qxe4+ 30. Kd2 Qf4+ 31. Kc2 Re2+ 32. Kb1 Qb8 33. Qc4+ Kh8 34. Qxc5 Qf4 35. Qxd4+ Qxd4 36. Rxd4 Rxf2 37. Rd7 Ree2 38. Rdxh7+ Kg8 39. Rh8+ Kf7 40. R1h7+ Ke6 41. Re8+ Kd5 42. Rxe2 Rxe2 43. Rh2 Kc4 44. Rh4+ Kc3 45. Rh3+ Kxb4 46. Rg3 Re6 47. Kc2 Kc4 48. Rg4+ Kd5 49. Kd3 Rf6 50. a4 Ke5 51. Ke3 Ra6 52. a5 Kf5 53. Rf4+ Ke5 54. Ra4 g5 55. g4 Kd5 56. Kd3 Kc5 57. Ke4 Rf6 58. Ke5 Rf8 59. a6 Kb5 60. Ra3 Kb6 61. a7 1-0

[Event "CAN-ch Universities"]
[Site "Montreal CAN"]
[Date "2025.01.26"]
[Round "5.72"]
[White "Cao, Bruce"]
[Black "Cheng, Jacob"]
[Result "1-0"]
[WhiteElo "1913"]
[BlackElo "1870"]
[WhiteFideId "-1"]
[WhiteFideId "-1"]
[PlyCount "163"]
[GameId "2143710939762461"]
[EventDate "2025.01.24"]
[EventType "team"]
[EventRounds "5"]
[EventCountry "CAN"]
[WhiteTeam "Queens A"]
[BlackTeam "Western A"]

1. e4 c6 2. d4 d5 3. exd5 cxd5 4. c4 e6 5. Nf3 Nf6 6. Nc3 Bb4 7. Bd2 Nc6 8. a3 Be7 9. cxd5 Nxd5 10. Bb5 O-O 11. O-O Nb8 12. Re1 Bf6 13. Rc1 a6 14. Nxd5 Qxd5 15. Bb4 Rd8 16. Rc5 axb5 17. Rxd5 Rxd5 18. Qb3 Bd7 19. Bc3 Bc6 20. Ne5 Bxe5 21. dxe5 Nd7 22. h4 Ra4 23. Bb4 Rxe5 24. Rxe5 Nxe5 25. Qg3 f6 26. f4 Nd7 27. Qg4 f5 28. Qe2 Nf8 29. Qe5 Rxb4 30. axb4 Kf7 31. h5 Nd7 32. Qd4 Nf6 33. Qd1 Nd5 34. Qd2 Nf6 35. Qe2 Ne4 36. g4 fxg4 37. Qxg4 Nf6 38. Qg5 Ne4 39. Qe5 Ng3 40. h6 gxh6 41. Kf2 Nf5 42. Qh8 Kg6 43. Qg8+ Kf6 44. Qxh7 Bd5 45. Qd7 h5 46. Qd8+ Kg6 47. Qg5+ Kf7 48. Qxh5+ Kg7 49. Qe8 Kf6 50. Qxb5 Nd6 51. Qb6 Nf5 52. Qd8+ Kf7 53. b5 Kg7 54. b6 Kf7 55. Kg1 Kg7 56. Kh2 Kf7 57. Kh3 Bf3 58. Qd3 Bd5 59. Kg4 Kg6 60. Qc2 Kh6 61. Qh2+ Kg6 62. Qh5+ Kf6 63. Qh8+ Kg6 64. Qg8+ Kf6 65. Qg5+ Kf7 66. Qh5+ Kf6 67. Kh3 Kg7 68. Qg5+ Kf7 69. Qg1 Kf6 70. Qe1 Kg6 71. Kg4 Nh6+ 72. Kh3 Nf5 73. b4 Kf6 74. Qa1+ Kg6 75. Qb1 Kf6 76. Qb2+ Kg6 77. Qc2 Kf6 78. Qc3+ Kg6 79. Qd3 Kf6 80. Kg4 Kg6 81. Qc2 Bc6 82. Qxc6 1-0

[Event "CAN-ch Universities"]
[Site "Montreal CAN"]
[Date "2025.01.26"]
[Round "5.81"]
[White "Byl, Oliver"]
[Black "Li, Yi Lin"]
[Result "1/2-1/2"]
[WhiteElo "1819"]
[BlackElo "2044"]
[WhiteFideId "-1"]
[WhiteFideId "-1"]
[PlyCount "78"]
[GameId "2143717973696993"]
[EventDate "2025.01.24"]
[EventType "team"]
[EventRounds "5"]
[EventCountry "CAN"]
[WhiteTeam "U Ottawa B"]
[BlackTeam "Waterloo B"]

1. d4 Nf6 2. Nf3 d5 3. g3 e6 4. Bg2 c5 5. O-O Nc6 6. c4 Be7 7. cxd5 exd5 8. dxc5 Bxc5 9. a3 a5 10. Nc3 O-O 11. Bg5 d4 12. Ne4 Be7 13. Nxf6+ Bxf6 14. Bxf6 Qxf6 15. Qd2 Be6 16. Ng5 Bf5 17. Rac1 Qd6 18. Ne4 Bxe4 19. Bxe4 f5 20. Bxc6 bxc6 21. e3 c5 22. exd4 Rfd8 23. Rfd1 Qxd4 24. Qxd4 Rxd4 25. Rxd4 cxd4 26. Rd1 Rd8 27. b4 axb4 28. axb4 Kf7 29. Kf1 Ke6 30. Ke2 Kd5 31. Rc1 Rb8 32. Rc7 Rxb4 33. Rxg7 Rb2+ 34. Kd3 Rxf2 35. Rxh7 Rg2 36. Rd7+ Ke5 37. Re7+ Kd5 38. Rd7+ Ke5 39. Re7+ Kd5 1/2-1/2

[Event "CAN-ch Universities"]
[Site "Montreal CAN"]
[Date "2025.01.26"]
[Round "5.82"]
[White "Ramesh, Sanjay"]
[Black "McCulloch, Matteus"]
[Result "1/2-1/2"]
[WhiteElo "2017"]
[BlackElo "1863"]
[WhiteFideId "-1"]
[WhiteFideId "-1"]
[PlyCount "32"]
[GameId "2143756398899993"]
[EventDate "2025.01.24"]
[EventType "team"]
[EventRounds "5"]
[EventCountry "CAN"]
[WhiteTeam "Waterloo B"]
[BlackTeam "U Ottawa B"]

1. d4 Nf6 2. c4 a6 3. Nc3 c5 4. e3 cxd4 5. exd4 d5 6. Nf3 Nc6 7. h3 Be6 8. b3 g6 9. Be2 Bg7 10. Bb2 O-O 11. O-O Rc8 12. Ng5 Bf5 13. g4 Bd7 14. cxd5 Nb4 15. Bf3 Re8 16. Re1 Nbxd5 1/2-1/2

[Event "CAN-ch Universities"]
[Site "Montreal CAN"]
[Date "2025.01.26"]
[Round "5.83"]
[White "Shah, Mustafa"]
[Black "Qiu, Andrew Yu"]
[Result "0-1"]
[WhiteElo "1745"]
[BlackElo "1964"]
[WhiteFideId "-1"]
[WhiteFideId "-1"]
[PlyCount "130"]
[GameId "2143757366752339"]
[EventDate "2025.01.24"]
[EventType "team"]
[EventRounds "5"]
[EventCountry "CAN"]
[WhiteTeam "U Ottawa B"]
[BlackTeam "Waterloo B"]

1. d4 Nf6 2. Nf3 e6 3. Bf4 d5 4. h3 Bd6 5. Ne5 O-O 6. e3 c5 7. c3 b6 8. Nd2 Bb7 9. Bd3 Nc6 10. Ndf3 Ne7 11. O-O Nf5 12. Re1 Bxe5 13. Nxe5 Nd6 14. Bh2 Rc8 15. a3 Nfe4 16. f3 Nf6 17. g4 Kh8 18. g5 Ng8 19. f4 f5 20. Qh5 Qe8 21. Qh4 Ne7 22. Kh1 Ng6 23. Nxg6+ Qxg6 24. Rg1 Nc4 25. Qf2 Rc7 26. h4 Rfc8 27. h5 Qe8 28. Rab1 a5 29. g6 h6 30. Bg3 a4 31. Bh4 Bc6 32. Bxc4 dxc4+ 33. Kh2 Be4 34. Rbd1 Rd7 35. Rd2 cxd4 36. exd4 Rd5 37. Re1 Qc6 38. Rde2 Re8 39. Rd2 Rd7 40. Rde2 Bf3 41. Re3 Bxh5 42. Qg3 Bg4 43. Re5 Rd6 44. R1e3 Qd7 45. Qe1 Bh5 46. Rg3 Rc8 47. Rge3 Rcc6 48. Rg3 Rd5 49. Rxd5 Qxd5 50. Be7 Qd7 51. Bb4 Qe8 52. d5 Rc8 53. Qxe6 Qxe6 54. dxe6 Rc6 55. e7 Re6 56. Kh3 Be2 57. Rg2 Bf1 58. Kh2 Bxg2 59. Kxg2 Rxg6+ 60. Kf3 Re6 61. Kf2 Kg8 62. Kf3 Kf7 63. Kg3 Ke8 64. Kf3 Rg6 65. Ke3 h5 0-1

[Event "CAN-ch w"]
[Site "Toronto CAN"]
[Date "2025.04.17"]
[Round "1.1"]
[White "Li, Yunshan"]
[Black "Sreekumar, Gauri"]
[Result "1-0"]
[WhiteElo "2233"]
[BlackElo "1674"]
[WhiteFideId "-1"]
[WhiteFideId "-1"]
[PlyCount "85"]
[GameId "2170886505543121"]
[EventDate "2025.04.17"]
[EventType "swiss"]
[EventRounds "9"]
[EventCountry "CAN"]

1. d4 d5 2. c4 e6 3. Nf3 Nf6 4. g3 c5 5. cxd5 exd5 6. Nc3 Nc6 7. Bg2 Be7 8. O-O O-O 9. dxc5 Bxc5 10. b3 Bf5 11. Bb2 Rc8 12. Rc1 Be7 13. Nb5 Qa5 14. Bxf6 Qxb5 15. Bxe7 Nxe7 16. Nd4 Qd7 17. Nxf5 Qxf5 18. Qd4 b6 19. Rfd1 g6 20. a4 Rxc1 21. Rxc1 Rc8 22. Rxc8+ Qxc8 23. Bxd5 Nxd5 24. Qxd5 Qc3 25. Kg2 Kg7 26. Qc4 Qe5 27. f3 Qe3 28. Qd3 Qc5 29. f4 Qc6+ 30. Qf3 Qc2 31. Kf2 Qc5+ 32. Qe3 Qc6 33. Qe5+ Kg8 34. g4 Qh1 35. f5 gxf5 36. gxf5 Qc6 37. f6 h5 38. Qg3+ Kf8 39. Qg7+ Ke8 40. Qg8+ Kd7 41. Qxf7+ Kc8 42. Qf8+ Kd7 43. Qe7+ 1-0

[Event "CAN-ch w"]
[Site "Toronto CAN"]
[Date "2025.04.17"]
[Round "1.2"]
[White "Hitchlock, Veronica"]
[Black "Golubeva, Oksana"]
[Result "0-1"]
[WhiteElo "1644"]
[BlackElo "2132"]
[WhiteFideId "-1"]
[WhiteFideId "-1"]
[PlyCount "72"]
[GameId "2170886505547218"]
[EventDate "2025.04.17"]
[EventType "swiss"]
[EventRounds "9"]
[EventCountry "CAN"]

1. c4 e6 2. Nf3 Nf6 3. Nc3 d5 4. e3 Be7 5. Bd3 dxc4 6. Bxc4 O-O 7. O-O a6 8. a3 b5 9. Ba2 Nbd7 10. d4 Bb7 11. Bb1 c5 12. b3 Rc8 13. Bb2 Qb6 14. Ne5 Rfd8 15. Qc2 cxd4 16. exd4 Qxd4 17. Nf3 Bxf3 18. gxf3 Qh4 19. f4 Bd6 20. f3 Bxf4 21. Qg2 Rc5 22. Ne4 Rh5 23. Ng3 Rg5 24. Kf2 Nc5 25. Bc3 Be3+ 26. Ke2 Nd5 27. Be1 Nf4+ 28. Kxe3 Nxg2+ 29. Kf2 Qxh2 30. Bxh7+ Qxh7 31. Kxg2 Qc2+ 32. Bf2 Nd3 33. f4 Qc6+ 34. Kh3 Nxf4+ 35. Kh4 Qf3 36. Rg1 Rg4# 0-1

[Event "CAN-ch w"]
[Site "Toronto CAN"]
[Date "2025.04.17"]
[Round "1.3"]
[White "Demchenko, Svitlana"]
[Black "Koop, Alison"]
[Result "1-0"]
[WhiteElo "2130"]
[BlackElo "1633"]
[WhiteFideId "-1"]
[WhiteFideId "-1"]
[PlyCount "63"]
[GameId "2170886505551315"]
[EventDate "2025.04.17"]
[EventType "swiss"]
[EventRounds "9"]
[EventCountry "CAN"]

1. d4 d5 2. c4 c6 3. e3 Nf6 4. Nf3 Bg4 5. h3 Bh5 6. Nc3 e6 7. g4 Bg6 8. Ne5 Nbd7 9. Nxg6 hxg6 10. a3 Be7 11. Qf3 Qb6 12. c5 Qc7 13. b4 b6 14. g5 Nh5 15. e4 dxe4 16. Qxe4 Rd8 17. Be3 O-O 18. Bg2 bxc5 19. dxc5 Qe5 20. Rc1 Qxe4 21. Bxe4 Ne5 22. Ke2 Nc4 23. Rhg1 Rc8 24. h4 Rfd8 25. Rgd1 a5 26. Rxd8+ Bxd8 27. b5 cxb5 28. Nxb5 Nxe3 29. Kxe3 e5 30. c6 Bb6+ 31. Kf3 Kf8 32. c7 1-0

[Event "CAN-ch w"]
[Site "Toronto CAN"]
[Date "2025.04.17"]
[Round "1.4"]
[White "Roque, Alexa"]
[Black "Kucherenko, Olena"]
[Result "0-1"]
[WhiteElo "1610"]
[BlackElo "2049"]
[WhiteFideId "-1"]
[WhiteFideId "-1"]
[PlyCount "92"]
[GameId "2170886505551316"]
[EventDate "2025.04.17"]
[EventType "swiss"]
[EventRounds "9"]
[EventCountry "CAN"]

1. d4 d6 2. c4 Nf6 3. Nf3 g6 4. Nc3 Bg7 5. e4 O-O 6. Be3 Ng4 7. Bg5 h6 8. Bh4 c6 9. h3 Nf6 10. Bd3 Qc7 11. Bg3 Nh5 12. Bh2 e5 13. d5 Nf4 14. Bc2 Nxg2+ 15. Kd2 h5 16. Kc1 Bh6+ 17. Nd2 Nf4 18. h4 Qb6 19. Bg3 Qd4 20. Ne2 Nxe2+ 21. Qxe2 b5 22. f3 bxc4 23. Bf2 Qxd2+ 24. Qxd2 Bxd2+ 25. Kxd2 cxd5 26. exd5 Bb7 27. Rad1 Nd7 28. Rhg1 Kh7 29. Kc3 Nb6 30. b3 Nxd5+ 31. Kb2 c3+ 32. Kb1 f5 33. Bg3 Rad8 34. Rge1 Nb4 35. f4 Bf3 36. Rc1 e4 37. Re3 Rc8 38. a3 Nd5 39. Ree1 e3 40. Bd1 Bxd1 41. Rexd1 c2+ 42. Rxc2 Nc3+ 43. Rxc3 Rxc3 44. Rxd6 Rfc8 45. Rd7+ Kg8 46. a4 e2 0-1

[Event "CAN-ch w"]
[Site "Toronto CAN"]
[Date "2025.04.17"]
[Round "1.5"]
[White "Starr, Nava"]
[Black "Kamath, Nikita"]
[Result "1-0"]
[WhiteElo "2048"]
[BlackElo "1609"]
[WhiteFideId "-1"]
[WhiteFideId "-1"]
[PlyCount "81"]
[GameId "2170886505551317"]
[EventDate "2025.04.17"]
[EventType "swiss"]
[EventRounds "9"]
[EventCountry "CAN"]

1. e4 c6 2. Nc3 d5 3. Qf3 dxe4 4. Nxe4 Nd7 5. d4 Ngf6 6. c3 Nxe4 7. Qxe4 Nf6 8. Qc2 g6 9. Bd3 Bg7 10. Nf3 O-O 11. h3 Be6 12. O-O Rc8 13. Ng5 Qd6 14. Re1 Bd7 15. Qe2 h6 16. Nf3 Rfe8 17. Bd2 Nd5 18. Ne5 a6 19. Qf3 Be6 20. Rad1 h5 21. Bb1 b5 22. Qg3 a5 23. b3 c5 24. c4 bxc4 25. bxc4 Nb4 26. d5 Bd7 27. a3 Ba4 28. Rc1 Bxe5 29. Qxe5 Qxe5 30. Rxe5 Na6 31. Bxa5 Rb8 32. Re3 Rb2 33. Be4 Reb8 34. Rcc3 R8b3 35. Rxb3 Bxb3 36. Bd3 Ra2 37. Rxe7 Rxa3 38. Bc3 Ba4 39. Bf6 Rxd3 40. Ra7 Bb3 41. Ra8+ 1-0

[Event "CAN-ch w"]
[Site "Toronto CAN"]
[Date "2025.04.17"]
[Round "1.6"]
[White "Abbarin, Shabnam"]
[Black "Mills, Morgen"]
[Result "0-1"]
[WhiteElo "1579"]
[BlackElo "2013"]
[WhiteFideId "-1"]
[WhiteFideId "-1"]
[PlyCount "52"]
[GameId "2170892871547118"]
[EventDate "2025.04.17"]
[EventType "swiss"]
[EventRounds "9"]
[EventCountry "CAN"]

1. e4 c6 2. d4 d5 3. exd5 cxd5 4. Bf4 Nf6 5. Nc3 a6 6. Bd3 Nc6 7. Nge2 g6 8. Qd2 Nb4 9. Ng3 Nxd3+ 10. Qxd3 Bg7 11. O-O O-O 12. Be5 h5 13. h4 e6 14. Nge2 b5 15. Nf4 b4 16. Nce2 a5 17. c3 Ba6 18. Qh3 bxc3 19. bxc3 Bh6 20. Rfe1 Ng4 21. Nxh5 Bxe2 22. Rxe2 gxh5 23. Qg3 Kh7 24. f3 Ne3 25. Rxe3 Bxe3+ 26. Kf1 f6 0-1

[Event "CAN-ch w"]
[Site "Toronto CAN"]
[Date "2025.04.17"]
[Round "1.7"]
[White "Jiang, Hancy"]
[Black "Wang, Angela"]
[Result "1/2-1/2"]
[WhiteElo "1971"]
[BlackElo "1551"]
[WhiteFideId "-1"]
[WhiteFideId "-1"]
[PlyCount "92"]
[GameId "2170894961510807"]
[EventDate "2025.04.17"]
[EventType "swiss"]
[EventRounds "9"]
[EventCountry "CAN"]

1. Nf3 d6 2. d4 Nf6 3. c4 Nbd7 4. Nc3 e5 5. e4 c6 6. Be2 Be7 7. O-O O-O 8. Re1 Qc7 9. d5 Nc5 10. Nd2 a5 11. Qc2 Qd8 12. a3 cxd5 13. cxd5 Bd7 14. Rb1 Rc8 15. Qd1 Ra8 16. b4 axb4 17. Rxb4 Qc8 18. Nc4 Qb8 19. Be3 Bd8 20. Nxe5 Ba5 21. Bxc5 dxc5 22. Nxd7 Nxd7 23. Rb3 Ne5 24. Qc2 c4 25. Rb5 Qd6 26. Rxb7 Qxa3 27. Nb5 Qc5 28. Rb1 Bb6 29. Bf1 Ng4 30. Rb2 Rfc8 31. Nd6 Qxd6 32. g3 Bxf2+ 33. Kh1 Qh6 34. h3 Bxg3 35. Qg2 Nf2+ 36. Rxf2 Bxf2 37. Qxf2 Qg6 38. Qc2 Ra1 39. Qxc4 Rxf1+ 40. Qxf1 Qxe4+ 41. Qg2 Rc1+ 42. Kh2 Qf4+ 43. Qg3 Qd2+ 44. Qg2 Qf4+ 45. Qg3 Qd2+ 46. Qg2 Qf4+ 1/2-1/2

[Event "CAN-ch w"]
[Site "Toronto CAN"]
[Date "2025.04.01"]
[Round "1.8"]
[White "Guan, Marie"]
[Black "Xie, Irene"]
[Result "0-1"]
[WhiteElo "1549"]
[BlackElo "1949"]
[WhiteFideId "-1"]
[WhiteFideId "-1"]
[PlyCount "62"]
[GameId "2170897373256180"]
[EventDate "2025.04.17"]
[EventType "swiss"]
[EventRounds "9"]
[EventCountry "CAN"]

1. e4 e6 2. d4 d5 3. Nc3 Bb4 4. e5 c5 5. a3 Bxc3+ 6. bxc3 Nc6 7. f4 Nge7 8. Nf3 Qa5 9. Bd2 c4 10. Ng5 h6 11. Qh5 g6 12. Qh4 Nf5 13. Qh3 Qa4 14. g4 Nfe7 15. Kd1 Bd7 16. Qh4 b5 17. f5 exf5 18. Nxf7 Kxf7 19. Qf6+ Kg8 20. Bh3 f4 21. Qd6 Rd8 22. e6 Be8 23. Qxf4 g5 24. Qg3 Bg6 25. Rc1 Qxa3 26. Rf1 Kg7 27. Ke2 Qd6 28. Qe3 Rde8 29. Rce1 Rhf8 30. Kd1 Qxh2 31. Rg1 Qf2 0-1